000 00560nam a2200229Ia 4500
003 OSt
005 20220918214231.0
006 a|||||r|||| 00| 0
007 ta
008 220917b |||||||| |||| 00| 0 eng d
024 _a136,416
037 _cTextual
040 _aARTS
_cARTS
_beng
041 _2eng
_aeng
082 _aX8:8w, M2
100 _aKhan M Y
_9130349
245 0 _aIndustrial finance
260 _aN.D
_bmcgraw Hill
_c1982
650 _aECONOMICS
942 _hX8:8w, M2
_cTEXL
_2CC
999 _c259506
_d259506